000 01012nam a22002177a 4500
999 _c2935
_d2935
003 AR-CdUCM
008 190305b ||||| |||| 00| 0 spa d
040 _aMUNICIPALIDAD PROVINCIAL DEL CUSCO
_cBIBLIOTECA MUNICIPAL DEL CUSCO
082 _a985.14 /
_bP348
100 _aPaz Esquerre, Eduardo,
_98587
245 _aTradición oral del departamento de La Libertad /
260 _aTrujillo :
_bTalls. de Servicios Gráficos de la Sociedad de Beneficencia de Trujillo,
_c1992.
300 _a110 paginas ;
_c20 cm.
500 _zTradición oral del departamento de la libertad -- tradición oral sobre los reyes del imperio chimu en chan chan, desde sus orígenes -- La fundación sagrada de ciudades del departamento de la libertad -- El tema tradicional del paraíso subterráneo -- Tradiciones símbolos sobre lagunas...
505 _aTradicio
650 _acultura y tracion
_910075
650 _aDepartamento La Libertad
_910076
650 _aCultura chimu
_910077
942 _2ddc
_cLIBROS
945 _awnts